Responses for Show #1627 - Tuesday, October 1, 1991

Introductions and first 11 clues entered from audiorecording.

Contestants

[<< previous game]

Ron Reisman, a public relations executive from New York City, New York

Ed Vallay, a writer from Richmond, Virginia

Rand Owen, a librarian originally from Nashville, Tennessee (whose 3-day cash winnings total $39,301)

[next game >>]

Jeopardy! Round responses

THEATER
FOREIGN WORDS & PHRASES
POTPOURRI
ISLANDS
FAMOUS FOLKS
SAY CHEESE
    $100 1
Japan

Rand
    $100 6
white wine

Ed
    $100 26
San Francisco

Rand
    $100 11
Hong Kong

Rand
    $100 14
Madonna

Ron
    $100 12
eyes

Rand
    $200 2
Auntie Mame

Rand
    $200 7
bambino

Rand
    $200 27
Pittsburgh

Ron
    $200 16
Capri

Rand
    $200 15
60 Minutes

Ed
    $200 13
mozzarella

Ron
    $300 3
Juno and the Paycock

Ed
    $300 8
verboten

Rand
    $300 28
(Rand: What is Weight Watchers Monthly?)
[The end-of-round signal sounds.]

Weight Watchers Magazine

RandEd
    $300 17
Iceland

Rand
    $300 20
Joan Collins

Ron
    $300 23
(Ron: What is cream cheese?)

cottage cheese

RandRon
    $400 4
The School for Scandal

Ed
    $400 9
perestroika

Rand
    $400 18
the U.S. Virgin Islands

Ron
    $400 21
(Ron: Who is Edward Heath?)
(Ed: Who is Margaret Thatcher?)
...
(Alex: Yes, the current prime minister.)

John Major

RandEdRon
    $400 24
Brie

Ron
    $500 5
Rhinoceros

Ed
    $500 10
cause célèbre

Ed
    $700 19
(Ron: Oh boy. What is Nova Scotia?)
(Alex: Oh, sorry, Nova Scotia is a province, not an island. You had to start thinking about Roosevelt. "Sunrise at [*]. [*] Island.)

Campobello

Ron
    $500 22
(Alex: Correct, and we have a minute to go.)

Arthur Murray

Ron
    $500 25
Delft

Rand

Scores at the first commercial break (after clue 15):

Rand Ed Ron
$1,400 $2,000 $300

Scores at the end of the Jeopardy! Round:

Rand Ed Ron
$2,900 $1,900 $700

Double Jeopardy! Round responses

AMERICAN NOVELS
ANCIENT TIMES
DENTISTRY
ART
BUSINESS & INDUSTRY
GEORGIA
    $200 9
Uncle Tom's Cabin

Ron
    $200 21
Attila

Ed
    $200 26
a toothbrush

Ron
    $200 1
California

Rand
    $200 5
Minnesota Mining and Manufacturing

Rand
    $200 2
Hank Aaron

Ed
    $400 10
Mutiny on the Bounty

Ron
    $400 22
Spartacus

Ed
    $400 27
(Rand: What are eyeteeth?)
(Ron: What are canines?)

your wisdom teeth

RandRon
Triple Stumper
    $400 4
Toulouse-Lautrec

Ed
    $400 15
3,000

Ron
    $400 3
The Constitution

Ron
    $1,700 11
(Ron: In the spirit of Cliff Clavin, I'll go for it all.)

Advise and Consent

Ron
    $600 23
Egypt

Rand
    $600 28
red and white

Rand
    $600 14
Donatello

Ed
    $600 18
(Charles) Tandy

Rand
    $600 6
the Girl Scouts

Rand
    $800 12
Sayonara

Rand
    $1,500 24
(Alex: We've got a minute left in the round.)

Alexander the Great

Rand
    $800 29
baking soda

Rand
    $800 16
(Rand: Who were the Vermeers?)
(Ron: Who were Van Eyck?)
(Ed: Who were Van Dyck?)

the Brueghels

RandEdRon
Triple Stumper
    $800 19
(Ed: What is Monaghan?)
---
(Alex: You were thinking of the owner of the chain.)

Domino

Ed
Triple Stumper
    $800 7
Deliverance

Rand
    $1000 13
Mark Twain

Rand
    $1000 25
(Rand: Who was Socrates?)
---
(Alex: [*] was the orator. Socrates was the philosopher.)

Demosthenes

RandEd
    $1000 30
oral surgery

Triple Stumper
    $1000 17
(Rand: Who is Delacroix?)

(Jacques Louis) David

RandRon
    $1000 20
British Airways

Ron
    $1000 8
Emory

Rand

Scores at the end of the Double Jeopardy! Round:

Rand Ed Ron
$8,400 $3,100 $4,800

[wagering suggestions for these scores]

Final Jeopardy! Round responses

THE DECLARATION OF INDEPENDENCE
(Alex: Richard Henry [*], and Francis Lightfoot [*].)
EdWhat is Randolph
$3,100
RonWhat is Lee?
$3,600
RandWhat is Randolph?
$1,201
Lee

Final scores:

Rand Ed Ron
$7,199 $0 $8,400
2nd place: trip for 2 to Kuala Lumpur, Malaysia 3rd place: Typhoon International wicker furniture New champion: $8,400

Game dynamics:

Coryat scores:

Rand Ed Ron
$7,700 $3,100 $4,400
25 R
(including 1 DD),
5 W
13 R,
3 W
15 R
(including 1 DD),
5 W
(including 1 DD)

Combined Coryat: $15,200

[game clues] [game scores] [suggest correction]

Game tape date: 1991-08-19
The J! Archive is created by fans, for fans. Scraping, republication, monetization, and malicious use prohibited; this site may use cookies and collect identifying information. See terms. The Jeopardy! game show and all elements thereof, including but not limited to copyright and trademark thereto, are the property of Jeopardy Productions, Inc. and are protected under law. This website is not affiliated with, sponsored by, or operated by Jeopardy Productions, Inc. Join the discussion at JBoard.tv.